<?xml version="1.0" encoding="UTF-8"?>
<collection xmlns="http://www.loc.gov/MARC21/slim">
 <record>
  <leader>00879cam a2200241 7i4500</leader>
  <controlfield tag="001">0000007951</controlfield>
  <controlfield tag="005">20140623090000.0</controlfield>
  <datafield tag="020" ind1="0" ind2="0">
   <subfield code="a">053883336X </subfield>
  </datafield>
  <datafield tag="035" ind1="0" ind2="0">
   <subfield code="a">0218-59560</subfield>
  </datafield>
  <datafield tag="090" ind1="0" ind2="0">
   <subfield code="a">HF 5635 </subfield>
   <subfield code="b">W287 1994</subfield>
  </datafield>
  <datafield tag="100" ind1="1" ind2="0">
   <subfield code="a">Warren, Carl S. </subfield>
  </datafield>
  <datafield tag="245" ind1="1" ind2="0">
   <subfield code="a">Financial and managerial accounting  </subfield>
   <subfield code="c">Carl S. Warren, James M. Reeve, Philip E. Fess..</subfield>
  </datafield>
  <datafield tag="250" ind1="0" ind2="0">
   <subfield code="a">4th ed..</subfield>
  </datafield>
  <datafield tag="260" ind1="0" ind2="0">
   <subfield code="a">Cincinnati, Ohio: </subfield>
   <subfield code="b">South Western Publishing co. 1995..</subfield>
  </datafield>
  <datafield tag="300" ind1="#" ind2="#">
   <subfield code="a">1198p. :; </subfield>
   <subfield code="c">28cm..</subfield>
  </datafield>
  <datafield tag="500" ind1="0" ind2="0">
   <subfield code="a">Revised ed. of Principles oF Financial &amp; managerial accounting, 2nd. ed., 1993.</subfield>
  </datafield>
  <datafield tag="590" ind1="#" ind2="#">
   <subfield code="a">Pusat Pengajian Perniagaan dan Pengurusan Maritim</subfield>
  </datafield>
  <datafield tag="650" ind1="0" ind2="0">
   <subfield code="a">Accounting </subfield>
  </datafield>
  <datafield tag="650" ind1="0" ind2="0">
   <subfield code="a">Managerial accounting. </subfield>
  </datafield>
  <datafield tag="700" ind1="1" ind2="1">
   <subfield code="a">Reeve, </subfield>
   <subfield code="h">James M.(</subfield>
   <subfield code="d">1953- .) </subfield>
  </datafield>
  <datafield tag="700" ind1="1" ind2="1">
   <subfield code="a">Fess, </subfield>
   <subfield code="h">Phillip E. </subfield>
  </datafield>
  <datafield tag="740" ind1="0" ind2="1">
   <subfield code="a">Principles of financial and managerial accounting.</subfield>
  </datafield>
  <datafield tag="999" ind1=" " ind2=" ">
   <subfield code="a">1000383804</subfield>
   <subfield code="b">Book</subfield>
   <subfield code="c">Open Shelf</subfield>
   <subfield code="e">KOLEKSI TERBUKA</subfield>
  </datafield>
 </record>
</collection>
